Le bon sens des mots (Record no. 209)
[ view plain ]
| 000 -LEADER | |
|---|---|
| Leader | 01232npm a2200205 4500 |
| 003 - IDENTIFIANT DE NUMÉRO DE CONTRÔLE | |
| champ de contrôle | OSt |
| 005 - DATE ET HEURE DE LA DERNIÈRE TRANSACTION | |
| champ de contrôle | 20250714172949.0 |
| 008 - Éléments de longueur fixe - Renseignements généraux | |
| Leader | 250714b |||||||| |||| 00| 0 fre d |
| 040 ## - SOURCE DE CATALOGAGE | |
| Agence transcriptrice | autismepaimpol.fr |
| 100 ## - Auteur - Autrice | |
| Auteur | Colette Hennetier-Eude |
| 245 ## - Titre | |
| Titre | Le bon sens des mots |
| 246 ## - Pour qui ? Pour quoi ? | |
| Pour quoi ? Pour qui ? | Développer les compétences liées à la construction de phrases courtes |
| 260 ## - Publication, diffusion, etc. (marque d'éditeur) | |
| Nom de l'éditeur, du diffuseur, etc. | NATHAN |
| 856 ## - Emplacement et accès électroniques | |
| URL | <a href="https://materiel-educatif.nathan.fr/dme/complement/99452">https://materiel-educatif.nathan.fr/dme/complement/99452</a> |
| Texte | Cliquer sur ce lien pour voir une fiche d'activités |
| 942 ## - Type d'objet | |
| Type d'objet | Matériel éducatif |
| 500 ## - Description | |
| Description | Un coffret éducatif conçu pour développer les compétences liées à la construction de phrases courtes : comprendre l’ordre des mots, utiliser une structure syntaxique simple, retrouver des mots connus dans une phrase écrite…<br/> |
| 520 ## - Abrégé | |
| Abrégé | La manipulation de cartes et de bandeaux phrases que l’on glisse dans un étui rend l’apprentissage ludique et amusant. Un outil efficace pour établir la relation entre le « dire » et le « lire ».<br/> |
| 521 ## - NOTE SUR LE PUBLIC CIBLE | |
| Note sur le public cible | Dès 4 ans. |
| 562 ## - NOTE D'IDENTIFICATION DE L'EXEMPLAIRE ET DE LA VERSION | |
| Format de présentation | Contient <br/> - 16 cartes personnages, <br/> - 64 cartes « mots »<br/> - 16 cartes « verbes » <br/> - 64 cartes « scènes »<br/> - 32 bandes « phrases » <br/> - 4 étuis (dim. 36 x 9 cm). |
| 999 ## - | |
| -- | 209 |
| -- | 209 |
| Statut retiré des collections | Statut perdu | Source de classification / plan de classement | Statut endommagé | Exclu du prêt | Site de rattachement | Site actuel | Date d'acquisition | Total des prêts | Code à barres | Vu en dernier | Prix effectif de | Type de document Koha |
|---|---|---|---|---|---|---|---|---|---|---|---|---|
| Classification décimale de Dewey | Autisme Paimpol - Matériel | Autisme Paimpol - Matériel | 14/07/2025 | 146 | 14/07/2025 | 14/07/2025 | Matériel pédagogique |